| 000 | 02963cam a22003378a 4500 | ||
|---|---|---|---|
| 005 | 20260322212019.0 | ||
| 008 | data | ||
| 010 | _a 2010020626 | ||
| 020 | _a9780195338195 (pbk.) | ||
| 020 | _a9780195159479 (hardcover : alk. paper) | ||
| 020 | _a0195159470 | ||
| 040 |
_aDLC _cDLC |
||
| 042 | _apcc | ||
| 043 | _aac----- | ||
| 050 | 0 | 0 |
_aDS329.4 _b.G598 2011 |
| 082 | 0 | 0 |
_a958 _222 |
| 092 | _a958 G598 2011 | ||
| 100 | 1 | _aGolden, Peter B. | |
| 245 | 1 | 0 |
_aCentral Asia in world history / _cPeter B. Golden. |
| 260 |
_aNew York : _bOxford University Press, _c2011. |
||
| 263 | _a1101 | ||
| 300 | _ap. cm. | ||
| 505 | 8 | _aMachine generated contents note: -- Introduction: A Layering of Peoples -- Chapter 1: The Rise of Nomadism and the Oasis City-States -- Chapter 2: The Early Nomads: "Warfare is Their Business" -- Chapter 3: Heavenly Qaghans: The Türks and Their Successors -- Chapter 4: The Cities of the Silk Road and the Coming of Islam. -- Chapter 5: Crescent over the Steppe: Islam and the Turkic Peoples -- Chapter 6: The Mongol Whirlwind -- Chapter 7: The Later Chinggisids, Temür and the Timurid Renaissance -- Chapter 8: The Age of Gunpowder and the Crush of Empires -- Chapter 9: The Problems of Modernity -- Chronology -- Further Reading -- Web Sites -- Acknowledgments -- Index. | |
| 520 |
_a"A vast region stretching roughly from the Volga River to Manchuria and the northern Chinese borderlands, Central Asia has been called the "pivot of history," a land where nomadic invaders and Silk Road traders changed the destinies of states that ringed its borders, including pre-modern Europe, the Middle East, and China. In Central Asia in World History, Peter B. Golden provides an engaging account of this important region, ranging from prehistory to the present, and focusing largely on the unique melting pot of cultures that this region has produced. Golden describes the traders who braved the heat and cold along caravan routes to link East Asia and Europe; the Mongol Empire of Genghis Khan and his successors, the largest contiguous land empire in history; the invention of gunpowder, which allowed the great sedentary empires to overcome the horse-based nomads; the power struggles of Russia and China, and later Russia and Britain, for control of the area. Finally, he discusses the region today, a key area that neighbors such geopolitical hot spots as Iran, Afghanistan, Pakistan, and China"-- _cProvided by publisher. |
||
| 520 |
_a"This work traces the history of the nomadic steppe tribes and sedentary inhabitants of the oasis city-states of Central Asia from pre-history to the present. Particular focus is placed on the unique melting pot cultures that this region has produced over millennia"-- _cProvided by publisher. |
||
| 650 | 0 |
_aGeopolitics _zAsia, Central _xHistory. |
|
| 651 | 0 |
_aAsia, Central _xHistory. |
|
| 651 | 0 |
_aAsia, Central _xCivilization. |
|
| 651 | 0 |
_aAsia, Central _xStrategic aspects. |
|
| 001 | data | ||
| 999 |
_c427 _d427 |
||